This Quiz is Strictly P.C. Stats

Quiz Updated Jan 16, 2015

Also try: PR Things
Challenge
Share
Tweet
Embed
Score 0/20 Timer 06:00
0 Plays Today
Hint P C Words % Correct
Law enforcement vehicle for use on roadwaysPolice Car
95.5%
Any 1 of 52 items in a standard deckPlaying Card
92.4%
A room at Alcatraz or Sing SingPrison Cell
91.7%
A cocktail made with rum, cream of coconut, and pineapple juicePiña Colada
84.8%
The reproductive item from coniferous treesPine Cone
84.1%
A circular statistical graphic, which is divided into sectors to illustrate numerical proportionPie Chart
80.6%
Series of locks connecting the Atlantic (Caribbean Sea) and Pacific OceansPanama Canal
76.6%
Set of colors that can be combined to make a useful range of colorsPrimary Color
71%
Latin phrase meaning “by heads” or “for each head” used to denote for each personPer Capita
65.8%
In the United States this term is used to describe the abortion rights movementPro Choice
65%
Hint P C Words % Correct
A fund used to make small immediate purchasesPetty Cash
63.2%
A slicing of skin by a sharp thin materialPaper Cut
61%
A consumer that receives special treatment from a business, often determined by loyalty programsPreferred Customer
59.9%
A youngster who is particularly difficult to raise or educate, especially due to disruptive or antisocial behaviorProblem Child
59.6%
Regulation or management of a species, such as rodents or insects, because it is perceived to be detrimentalPest Control
57.1%
Often given by an examiner when a test or exam answer covers only a portion of the questionPartial Credit
53.2%
A form of permission from a mother and/or father for a minor child to be allowed to do or participate in somethingParental Consent
49%
A name for the industry which manufactures consumer products used in an individual's hygiene and for beautificationPersonal Care
46.8%
Media that covers the White House Press Corps
46%
A settlement used to exile prisoners and separate them from the general populace by placing them in a remote locationPenal Colony
42.5%

You're not logged in!

Compare scores with friends on all Sporcle quizzes.
Sign Up with Email
OR
Log In

You Might Also Like...

Show Comments

Extras

Top Quizzes Today


Score Distribution

Your Account Isn't Verified!

In order to create a playlist on Sporcle, you need to verify the email address you used during registration. Go to your Sporcle Settings to finish the process.